Československé devizové předpisy /

Hlavní autor: Bakeš, Milan, 1939-
Další autoři: Malík, Antonín, Mojžíšková, Soňa
Jazyk: Čeština
Vydáno: Praha : Panorama, 1982
Vydání: 1. vyd.
Edice: Praktické příručky (Panorama)
Témata:
Externí odkaz: Digitalizovaný dokument
Fyzický popis: 237 s. ; 20 cm
Knihy
Uloženo v:
LEADER 01554nam a22003732a 4500
001 001113055
003 CZ BrMZK
005 20110316102440.0
007 ta
008 100831s1982 xr er|||||||||||cze d
015 |a cnb000001132 
035 |a (OCoLC)19630917 
040 |a ABA001  |b cze  |d ABA001  |d BOA001 
080 9 |a 339.74 
080 9 |a 347.752 
100 1 |a Bakeš, Milan,  |d 1939-  |7 jk01010588  |4 aut 
245 1 0 |a Československé devizové předpisy /  |c Milan Bakeš, Antonín Malík, Soňa Mojžíšková, uspořádal a hlavní redaktor Milan Bakeš 
250 |a 1. vyd. 
260 |a Praha :  |b Panorama,  |c 1982 
300 |a 237 s. ;  |c 20 cm 
490 1 |a Praktické příručky 
500 |a Dostupné též v digitální podobě v aplikaci Kramerius 
655 7 |a předpisy  |7 fd133200  |2 czenas 
700 1 |a Malík, Antonín  |4 aut 
700 1 |a Mojžíšková, Soňa  |4 aut 
830 0 |a Praktické příručky (Panorama)  |0 s 
856 4 1 |u http://www.digitalniknihovna.cz/mzk/uuid/uuid:fbdfc220-7e48-11e7-b92d-005056827e51  |y Digitalizovaný dokument  |x NDK 
910 |a BOA001  |b 2-0856.256 
990 |a BK 
991 |b 201008 
996 6 |b 2619364690  |c 2-0856.256  |l MZK  |r Sklad / do 1 hodiny  |n 0  |w 001140673  |u 000010  |a 1  |e BOA001  |j MZK50  |s P 
996 7 |b 2619364691  |c 2-0856.256  |l MZK  |r Sklad / do 1 hodiny  |n 1  |w 001140673  |u 000020  |a 1  |e BOA001  |j MZK50  |s A 
996 7 |b 2619392431  |c 2-0856.256  |l MZK  |r Sklad / do 1 hodiny  |n 0  |w 001140673  |u 000030  |a 1  |e BOA001  |j MZK50  |s A 
996 7 |b 2619392432  |c 2-0856.256  |l MZK  |r Sklad / do 1 hodiny  |n 0  |w 001140673  |u 000040  |a 1  |e BOA001  |j MZK50  |s A